000 00721 a2200181 4500
020 _a076199386X (paperback)
020 _a9780761993865 (paperback)
082 0 4 _a658.300954
090 _c4745
_d4745
100 1 _aChanda, Ashok.
245 1 0 _aHuman resource strategy :
_barchitecture for change /
_cAshok Chanda, Shilpa Kabra.
260 _a[S.l.] :
_bSage Pubns Pvt Ltd,
_c2010.
300 _a313 p.
520 _aIn this timely book, the authors present an action-oriented and sequential six-step approach for evolving a long-term human resource strategy.
700 1 _aKabra, Shilpa.
856 4 0 _3Amazon.com
_uhttp://www.amazon.com/exec/obidos/ASIN/076199386X/chopaconline-20
942 _aNBS
_cBK
_k658.300954 ASH
999 _c347177
_d347177